The Only One Country - Statistics

General Stats
  • This quiz has been taken 57 times
    31 since last reset
  • The average score is 26 of 47
Answer Stats
Hint Answer % Correct
The only country with an emperor Japan
92%
The only country that leave the European Union United Kingdom
92%
The only country that has sent people to the moon United States
92%
The only country starting with O Oman
88%
The only country starting with Q Qatar
88%
The only country with three capital cities South Africa
88%
The only country starting with Y Yemen
88%
The only country that bordering the United Kingdom Ireland
85%
The only country that don't have a quadrilateral flag Nepal
85%
The only country bordering Denmark Germany
81%
The only country ending with Q Iraq
81%
The only country that is located on the island of Java Indonesia
77%
The only country that have a land area over 10 million Russia
77%
The only country with a population under 1,000 people Vatican City
77%
The only Southeast Asian country to be landlocked Laos
73%
The only country with monotremes (egg-laying mammals) Australia
69%
The only country with an overseas territory larger in area than the sovereign nation Denmark
69%
The only country that gained independence in 2011 South Sudan
69%
The only Central American country that don't speak Spanish Belize
65%
The only country that don't have mosquitoes Iceland
65%
The only country having a name of a capital city starting with the letter Q Ecuador
62%
The only country ending with the suffix -tania Mauritania
58%
The only country having a name of a capital city starting with the letter U Mongolia
58%
The only country that is located between the equator and the Tropic of Capricorn Brazil
54%
The only country where it is legal to sell your kidneys Iran
54%
The only country ending with H Bangladesh
50%
The only country that don't have a shades of blue, red, and white on their flag Jamaica
50%
The only country that is carbon-negative* Bhutan
46%
The only country that have purple on their flag Dominica
46%
The only African country that speaking Spanish Equatorial Guinea
46%
The only country ending with G Luxembourg
42%
The only country that have bible (or book) on their flag Dominican Republic
38%
The only country that is located between all of the four hemispheres Kiribati
38%
The only country that gained independence in 2006 Montenegro
38%
The only country that don't recognize Armenia Pakistan
38%
The only country named after a woman Saint Lucia
38%
The only country in Latin America without a McDonald's Bolivia
35%
The only country having a name of a capital city ending with the letter V Ukraine
31%
The only country having a name of a capital city ending with the letter B Croatia
27%
The only country to have won Winter Olympics medals but don't have the Summer Olympic medals Liechtenstein
23%
The only country in Africa that has rejected Chinese loans Eswatini
19%
The only country with thirteen months Ethiopia
19%
The only country that have twenty letters long Bosnia and Herzegovina
15%
The only country where North Koreans can travel to for an unlimited amount of time Kyrgyzstan
12%
The only country with a $7 bill Fiji
8%
The only country that have more cars than people San Marino
8%
The only country to have had a non-royal leader rule for over 40 years Cameroon
4%
No matching quizzes found
Score Distribution
Percent of People with Each Score
Percentile by Number Answered
Your Score History
You have not taken this quiz since the last reset